Countries with the Most Sikhs - Statistics

General Stats
  • This quiz has been taken 1,236 times
  • The average score is 7 of 10
Answer Stats
Population Answer % Correct
19,215,730 India
99%
500,000 United States
94%
760,000 United Kingdom
92%
50,000 Pakistan
91%
468,000 Canada
87%
72,000 Australia
74%
100,000 Malaysia
48%
70,000 Italy
43%
70,000 Thailand
37%
30,000 Philippines
17%
No matching quizzes found
Score Distribution
Percent of People with Each Score
Percentile by Number Answered
Your Score History
You have not taken this quiz